| 000 | 00473nam a22001937a 4500 | ||
|---|---|---|---|
| 003 | CEME | ||
| 005 | 20210628203410.0 | ||
| 008 | 210118b xxu||||| |||| 00| 0 eng d | ||
| 020 | _a9780072823189 | ||
| 040 | _cceme | ||
| 082 | _a379.121 ODD | ||
| 100 |
_aOdden, Allan .R _965193 |
||
| 245 | _aSchool finance,a policy perspective | ||
| 250 | _a3RD | ||
| 260 |
_aUSA _bMCGRAW HILL _c2004 |
||
| 300 | _aXXII,346P | ||
| 650 |
_aSCHOOL FINANCE _965194 |
||
| 942 |
_cBK _2ddc |
||
| 999 |
_c573481 _d573481 |
||